[Event "Florianopolis op 7th"]
[Site "Florianopolis"]
[Date "2021.01.22"]
[Round "7"]
[White "Filimberti Uczai, Joao Pedro"]
[Black "Franca, Jairo Jr"]
[Result "1-0"]
[WhiteElo "2038"]
[BlackElo "1760"]
[PlyCount "64"]
[EventDate "2021.01.18"]
[EventType "swiss"]
[EventRounds "10"]
[EventCountry "BRA"]
[SourceTitle "CBM 200 Extra"]
[Source "ChessBase"]
[SourceDate "2021.03.31"]
[SourceVersion "1"]
[SourceVersionDate "2021.03.31"]
[SourceQuality "1"]

1. e4 c5 2. b3 d6 3. Bb2 Nf6 4. Bb5+ Nc6 5. Qe2 Bd7 6. f4 e6 7. Nf3 Be7 8. 0-0 0-0 9. d3 a6 10. Bxc6 Bxc6 11. Nbd2 b5 12. e5 Nd7 13. exd6 Bxd6 14. Ne5 Nxe5 15. fxe5 Be7 16. Ne4 Bxe4 17. Qxe4 Qd5 18. Qg4 Rac8 19. Rad1 Bd8 20. c4 Qd7 21. Rf3 Qe7 22. Rg3 g6 23. Rf1 Qh4 24. Qf3 Bc7 25. Qe3 Bd8 26. Rf4 Qh5 27. Rh3 Qg5 28. Qe4 Bc7 29. Rfh4 h5 30. Rg3 Qf5 31. Qe3 Bd8 32. Re4 Bg5 1-0

[Event "Florianopolis op 7th"]
[Site "Florianopolis"]
[Date "2021.01.21"]
[Round "6"]
[White "Franca, Jairo Jr"]
[Black "Medeiros, Francisco de Assis"]
[Result "1/2-1/2"]
[WhiteElo "1760"]
[BlackElo "2122"]
[PlyCount "97"]
[EventDate "2021.01.18"]
[EventType "swiss"]
[EventRounds "10"]
[EventCountry "BRA"]
[SourceTitle "CBM 200 Extra"]
[Source "ChessBase"]
[SourceDate "2021.03.31"]
[SourceVersion "1"]
[SourceVersionDate "2021.03.31"]
[SourceQuality "1"]

1. e4 c6 2. d4 d5 3. exd5 cxd5 4. c4 Nf6 5. Nc3 Nc6 6. cxd5 Nxd5 7. Bb5 e6 8. Nf3 Bb4 9. Qd3 Bd7 10. 0-0 Nxc3 11. bxc3 Be7 12. Ba4 0-0 13. Bc2 g6 14. Bh6 Re8 15. Rfe1 Bf6 16. Rab1 Qc7 17. Bb3 Na5 18. Ne5 Nxb3 19. axb3 Bc6 20. Qg3 Rac8 21. Re3 Bg7 22. Bxg7 Kxg7 23. h4 f6 24. Nxc6 Qxg3 25. Rxg3 Rxc6 26. c4 Rd8 27. Rd1 Kf7 28. Rgd3 Ke7 29. Kf1 Ra6 30. Ke2 Rdd6 31. d5 exd5 32. Rxd5 Ra2+ 33. Kf3 Rxd5 34. Rxd5 Rb2 35. Rd3 Ke6 36. g3 h5 37. Ke3 b6 38. f4 Rb1 39. Kd4 Kf5 40. Kc3 Ke6 41. b4 a5 42. bxa5 bxa5 43. Kd4 Kd6 44. Ra3 Rd1+ 45. Ke4 f5+ 46. Ke3 Rc1 47. Kd3 Rd1+ 48. Ke3 Rc1 49. Kd4 1/2-1/2